Перспективные направления развития пенсионной системы Российской Федерации; Непрерывное благополучие в мире

Dades bibliogràfiques
Parent link:Непрерывное благополучие в мире.— 2016.— [С. 16-19]
Autor principal: Болгова Д. Л.
Autor corporatiu: Национальный исследовательский Томский политехнический университет (ТПУ) Институт социально-гуманитарных технологий (ИСГТ) Кафедра экономики (ЭКОН)
Altres autors: Савицкий Д. Е. (научный руководитель), Филиппова Т. В. Татьяна Васильевна
Sumari:Заглавие с титульного экрана
В статье представлен анализ факторов, влияющих на развитие пенсионной системы РФ на этой основе выявлены проблемы ее развития и функционирования. Определены перспективные направления развития пенсионной системы РФ, реализация которых позволит снять социальную напряженность и нагрузку на бюджет, повысить уровень пенсий населения РФ.
Idioma:rus
Publicat: 2016
Matèries:
Accés en línia:http://earchive.tpu.ru/handle/11683/35962
Format: MixedMaterials Electrònic Capítol de llibre
KOHA link:https://koha.lib.tpu.ru/cgi-bin/koha/opac-detail.pl?biblionumber=621461

MARC

LEADER 00000naa2a2200000 4500
001 621461
005 20231101133149.0
035 |a (RuTPU)RU\TPU\conf\20077 
035 |a RU\TPU\conf\20076 
090 |a 621461 
100 |a 20170109d2016 k y0rusy50 ca 
101 0 |a rus 
102 |a RU 
105 |a y z 101zy 
135 |a drgn ---uucaa 
181 0 |a i  
182 0 |a b 
200 1 |a Перспективные направления развития пенсионной системы Российской Федерации  |f Д. Л. Болгова, Д. Е. Савицкий  |g науч. рук. Т. В. Филиппова 
203 |a Текст  |c электронный 
230 |a 1 компьютерный файл (pdf; 260 Kb) 
300 |a Заглавие с титульного экрана 
320 |a [Библиогр.: с. 18-19 (12 назв.)] 
330 |a В статье представлен анализ факторов, влияющих на развитие пенсионной системы РФ на этой основе выявлены проблемы ее развития и функционирования. Определены перспективные направления развития пенсионной системы РФ, реализация которых позволит снять социальную напряженность и нагрузку на бюджет, повысить уровень пенсий населения РФ. 
463 1 |0 (RuTPU)RU\TPU\conf\20057  |t Непрерывное благополучие в мире  |l Lifelong Wellbeing In The World  |o сборник научных трудов Международного научного симпозиума, г. Томск, 11-16 сентября 2016 г.  |f Национальный исследовательский Томский политехнический университет (ТПУ) ; под ред. Г. А. Барышевой [и др.]  |v [С. 16-19]  |d 2016 
610 1 |a труды учёных ТПУ 
610 1 |a электронные ресурсы 
610 1 |a пенсионное обеспечение 
610 1 |a пенсионная система 
610 1 |a население 
610 1 |a Российская Федерация 
610 1 |a пенсионное страхование 
700 1 |a Болгова  |b Д. Л. 
701 1 |a Савицкий  |b Д. Е. 
702 1 |a Филиппова  |b Т. В.  |c экономист  |c доцент Томского политехнического университета, кандидат экономических наук  |f 1982-  |g Татьяна Васильевна  |2 stltpush  |4 727 
712 0 2 |a Национальный исследовательский Томский политехнический университет (ТПУ)  |b Институт социально-гуманитарных технологий (ИСГТ)  |b Кафедра экономики (ЭКОН)  |h 149  |2 stltpush  |3 (RuTPU)RU\TPU\col\18375 
801 2 |a RU  |b 63413507  |c 20170112  |g RCR 
856 4 |u http://earchive.tpu.ru/handle/11683/35962 
942 |c BK